000 01149nam2a22002531 4500
001 RU\NLR\INFOCOMM10\1000248238
005 20250617071643.0
035 _a(NLR Aleph) 002546014
090 _a2976894
_c2976894
100 _a20040511d1989 |||y0rusy50 ca
101 0 _arus
102 _aRU
105 _ay |||||||||
200 1 _aПамятники науки и техники в контексте культуры
_fП.В. Боярский
210 _d1989
_aБ. м.
461 0 _1001RU\NLR\INFOCOMM10\1000248226
_12001#$aМузейное дело и охрана памятников$eОбзор. информ.$fГос. б-ка СССР им. В.И. Ленина. Информкультура$v1989, Вып.3
_92976787
_cМ.
_d1982-
_fГос. б-ка СССР им. В.И. Ленина. Информкультура
_oОбзор. информ.
_tМузейное дело и охрана памятников
_x0208-208Х
_v1989, Вып.3
700 1 _aБоярский
_bП.В.
_4070
801 1 _aRU
_bInfoComm
_c20040511
801 0 _aRU
_bNLR
_gPSBO
852 _aNLR
_jП28/1423
942 _cISSUE
980 _aNB
980 _aRUSPER